logo

Bir Sreshtho Munshi Abdur Rouf Library
Jhenaidah Cadet College

A preface to our times : (Record no. 7479)

MARC details
000 -LEADER
fixed length control field 00768cam a2200253 4500
001 - CONTROL NUMBER
JCCL Control Number 7479
003 - CONTROL NUMBER IDENTIFIER
JCCL marc code BD-JhCC
005 - DATE AND TIME OF LATEST TRANSACTION
control field 20180211102812.0
008 - FIXED-LENGTH DATA ELEMENTS--GENERAL INFORMATION
fixed length control field 680301s1968 nyua 000 0 eng
035 ## - SYSTEM CONTROL NUMBER
system control number (BD-JhCC)7479
040 ## - CATALOGING SOURCE
Original cataloging agency DLC
Transcribing agency DLC
Modifying agency DLC
-- BD-JhCC
041 ## - LANGUAGE CODE
Language code of Book eng
050 00 - LIBRARY OF CONGRESS CALL NUMBER
Classification number PE1122
Item number .B8
082 00 - DEWEY DECIMAL CLASSIFICATION NUMBER
Classification number 808.04/275
Author mark and Year BUC 1968
100 1# - MAIN ENTRY--PERSONAL NAME
Personal name Buckler, William Earl,
Dates associated with a name 1924-
245 12 - TITLE STATEMENT
Title A preface to our times :
Remainder of title contemporary thought in traditional rhetorical forms /
Statement of responsibility, etc William E. Buckler
260 ## - PUBLICATION, DISTRIBUTION, ETC. (IMPRINT)
Place of publication, distribution, etc [New York]
Name of publisher, distributor, etc American Book Co.
Date of publication, distribution, etc [1968]
300 ## - PHYSICAL DESCRIPTION
Pagination xviii, 1037 p.
Other physical details illus.
Dimensions 25 cm.
650 #0 - SUBJECT ADDED ENTRY--TOPICAL TERM
Topical term or geographic name as entry element College readers.
650 #0 - SUBJECT ADDED ENTRY--TOPICAL TERM
Topical term or geographic name as entry element Readers
General subdivision Current events.
650 #0 - SUBJECT ADDED ENTRY--TOPICAL TERM
Topical term or geographic name as entry element Current events
General subdivision Problems, exercises, etc.
942 ## - ADDED ENTRY ELEMENTS (KOHA)
Source of classification or shelving scheme Dewey Decimal Classification
Koha item type Books
Holdings
Source of classification or shelving scheme Damaged status Not for loan Home library Current library Shelving location Total Checkouts Full call number Barcode Date last seen Copy number Koha item type
Dewey Decimal Classification     JCC Rouf Library JCC Rouf Library General Stacks   808.04/275 BUC 1968 10084 02/10/2018 C - 1 Books

JCC Library | Contacts | JCC Home

Last Update on 23 September 2017
Copyright @ 2017-2020 JCC Rouf Library
Rouf Library, Jhenidah Cadet College (JCC), Bangladesh